| 000 | 00535nmm a22001817a 4500 | ||
|---|---|---|---|
| 003 | OSt | ||
| 005 | 20240521111145.0 | ||
| 006 | eBook | ||
| 008 | 240521b |||||||| |||| 00| 0 eng d | ||
| 040 | _cMRSPTU | ||
| 100 | _aOnion, Fritz | ||
| 245 | _aEssential ASP .NET 2.0 | ||
| 250 | _a2nd | ||
| 260 |
_aNew Delhi _bPearson _c2006 |
||
| 600 | _2Computer Science | ||
| 856 |
_3Click here to access the e-book _uhttps://ebookcentral.proquest.com/lib/gzsptuc/detail.action?docID=5126772&query=Essential+ASP+.NET+2.0 |
||
| 942 |
_2ddc _cEB _n1 |
||
| 999 |
_c10339 _d10339 |
||